Natural successors (Record no. 84894)

MARC details
000 -LEADER
fixed length control field 00945cam a22003015a 4500
001 - CONTROL NUMBER
control field L159656
008 - FIXED-LENGTH DATA ELEMENTS--GENERAL INFORMATION
fixed length control field 150226s2017 xxk f 000 0 eng d
035 ## - SYSTEM CONTROL NUMBER
System control number (Sirsi) u159656
041 0# - LANGUAGE CODE
Language code of text/sound track or separate title eng
100 1# - MAIN ENTRY--PERSONAL NAME
Personal name Hebel, Dirk
245 00 - TITLE STATEMENT
Title Natural successors
260 ## - PUBLICATION, DISTRIBUTION, ETC.
Date of publication, distribution, etc. 2017
490 ## - SERIES STATEMENT
Series statement Modus
Volume/sequential designation December 2017 - January 2018, 18-25 (8)
520 ## - SUMMARY, ETC.
Summary, etc. Looks at a new generation of more sustainable and environmentaly friendly building materials such as bamboo and hemp or solar roof tiles made of glass with photovoltaic solar cells.
590 ## - LOCAL NOTE (RLIN)
Local note KA
650 24 - SUBJECT ADDED ENTRY--TOPICAL TERM
Topical term or geographic name entry element WHOLE-LIFE CARBON
650 24 - SUBJECT ADDED ENTRY--TOPICAL TERM
Topical term or geographic name entry element BAMBOO
650 24 - SUBJECT ADDED ENTRY--TOPICAL TERM
Topical term or geographic name entry element HEMP
650 24 - SUBJECT ADDED ENTRY--TOPICAL TERM
Topical term or geographic name entry element SOLAR VOLTAIC INSTALLATIONS
650 24 - SUBJECT ADDED ENTRY--TOPICAL TERM
Topical term or geographic name entry element BUILT ENVIRONMENT-SUSTAINABLE CONSTRUCTION
651 #4 - SUBJECT ADDED ENTRY--GEOGRAPHIC NAME
Geographic name International
690 ## - LOCAL SUBJECT ADDED ENTRY--TOPICAL TERM (OCLC, RLIN)
Topical term or geographic name as entry element BUILT ENVIRONMENT-BUILDING MATERIALS
700 1# - ADDED ENTRY--PERSONAL NAME
Personal name Sturgis, Simon
700 1# - ADDED ENTRY--PERSONAL NAME
Personal name Allin, Steve
700 1# - ADDED ENTRY--PERSONAL NAME
Personal name Symonds, Lloyd
700 1# - ADDED ENTRY--PERSONAL NAME
Personal name Hunter, Ian
942 ## - ADDED ENTRY ELEMENTS (KOHA)
Suppress in OPAC 0
Holdings
Withdrawn status Lost status Source of classification or shelving scheme Damaged status Not for loan Home library Current library Shelving location Date acquired Total Checkouts Full call number Barcode Date last seen Copy number Price effective from Koha item type
    Dewey Decimal Classification     London London Journal article 05/12/2017   L159656 159656-2001 06/08/2019 1 06/08/2019 Journal article